书目信息 |
| 题名: |
口腔种植外科与修复护理规范技术
|
|
| 作者: | 孙健 主编 | |
| 分册: | ||
| 出版信息: | 北京 人民卫生出版社 2018 |
|
| 页数: | 138页 | |
| 开本: | 19cm | |
| 丛书名: | ||
| 单 册: | ||
| 中图分类: | R782.12 , R473.78 | |
| 科图分类: | ||
| 主题词: | 种植牙--口腔外科学 , 口腔科学--护理学 | |
| 电子资源: | ||
| ISBN: | 978-7-117-25496-0 | |
| 000 | 00927nam0 2200265 450 | |
| 001 | 0036323034 | |
| 005 | 20181010134037.0 | |
| 010 | @a978-7-117-25496-0@b@dCNY48.00 | |
| 100 | @a20181010d2018 em y0chiy50 ea | |
| 101 | 0 | @achi |
| 102 | @aCN@b110000 | |
| 105 | @aa z 000yy | |
| 106 | @ar | |
| 200 | 1 | @a口腔种植外科与修复护理规范技术@9kou qiang zhong zhi wai ke yu xiu fu hu li gui fan ji shu@f孙健主编@g |
| 210 | @a北京@c人民卫生出版社@d2018 | |
| 215 | @a138页@c彩图@d19cm | |
| 330 | @a本书系统地介绍了在口腔种植外科和修复程序的各个环节当中,护理人员所应扮演的角色和承担具体职责。包括种植体植入的护理、二期手术护理、种植印模护理、种植修复体初戴护理、心理护理等多个方面。 | |
| 606 | 0 | @a种植牙@x口腔外科学 |
| 606 | 0 | @a口腔科学@x护理学 |
| 690 | @aR782.12@v5 | |
| 690 | @aR473.78@v5 | |
| 701 | 0 | @a孙健@9sun jian@4主编 |
| 801 | 0 | @aCN@bMUSE@c20181206@g |
| 905 | @aBZT@dR782.12@e1 | |
| 906 | @dCNY48.00@n3@r1 | |
| 口腔种植外科与修复护理规范技术/孙健主编.-北京:人民卫生出版社,2018 |
| 138页:彩图;19cm |
| ISBN 978-7-117-25496-0:CNY48.00 |
| 本书系统地介绍了在口腔种植外科和修复程序的各个环节当中,护理人员所应扮演的角色和承担具体职责。包括种植体植入的护理、二期手术护理、种植印模护理、种植修复体初戴护理、心理护理等多个方面。 |
| ● |
| 相关链接 |
|
|
|
正题名:口腔种植外科与修复护理规范技术
索取号:R782.12/1
 
预约/预借
| 序号 | 登录号 | 条形码 | 馆藏地/架位号 | 状态 | 备注 |
| 1 | 858145 | 2000858145 | 第二书库/ [索取号:R782.12/1] | 在馆 | |
| 2 | 858146 | 2000858146 | 第二书库/ [索取号:R782.12/1] | 在馆 | |
| 3 | 858147 | 2000858147 | 第二书库/ [索取号:R782.12/1] | 在馆 |